Personnages 13 reasons why - Statistiques

Statistiques générales
  • Ce quiz a été pris 672 fois
  • Le résultat moyen est 22 sur 50
Statistiques - réponses
Hint Réponse % Correct
1 Clay Jensen
97%
2 Hannah Baker
96%
3 Justin Foley
94%
4 Jessica Davis
92%
9 Bryce Walker
87%
5 Alexander « Alex » Standall
81%
7 Antonio « Tony » Padilla
73%
6 Zachary « Zach » Dempsey
70%
8 Tyler Down
69%
10 Montgomery « Monty » de la Cruz
68%
14 Olivia Baker
63%
15 Andrew « Andy » Baker
59%
17 Courtney Crimsen
58%
12 Lainie Jensen
55%
13 Matt Jensen
55%
18 Marcus Cole
54%
11 Amorowat Anysia « Ani » Achola
50%
16 Kevin Porter
50%
25 Nora Walker
50%
23 Shériff Bill Standall
48%
19 Sheri Holland
48%
26 Barry Walker
47%
24 Carolyn Standall
44%
42 Amber Foley
43%
40 Greg Davis
43%
20 Ryan Shaver
43%
27 Chloé Rice
42%
41 Noelle Davis
41%
48 Tracy Porter
40%
22 Jeff Atkins
38%
21 Skye Miller
38%
28 Charles « Charlie » Saint Georges
37%
29 Winston Williams
34%
31 Estela de la Cruz
33%
35 Cyrus
28%
33 Scott Reed
27%
30 Diego Torres
26%
32 Gary Bolan
24%
37 Caleb
23%
47 Nina Jones
21%
50 Kat
20%
36 Mackenzie
19%
44 Valérie Diaz
18%
43 Shériff Diaz
15%
34 Luke Holliday
14%
46 Casey Ford
13%
45 Coach J. J. Kerba
13%
39 Dennis Vasquez
13%
38 Dr Robert Ellman
10%
49 Shériff Ted
7%
Aucun quiz correspondant
Distribution des résultats
% des personnes avec chaque résultat
Percentile par nombre de réponses
Votre historique - résultats
Vous n’avez pas pris ce quiz